Statistics for 2008 NHL Entry Draft 1st Round Selections

Click here to take the quiz!

General Stats

  • This quiz has been taken 169 times
  • The average score is 7 of 30

Answer Stats

PickPlayerJunior TeamNHL Team% Correct
1Steven StamkosSarnia StingTB Lightning
100%
2Drew DoughtyGuelph StormLA Kings
90%
4Alex PietrangeloNiagara IceDogsSt Louis Blues
60%
5Luke SchennKelowna RocketsToronto Maple Leafs
49%
3Zach BogosianPeterborough PetesAtlanta Thrashers
46%
15Erik KarlssonFrölunda HCOttawa Senators
34%
22Jordan EberleRegina PatsEdmonton Oilers
26%
6Nikita FilatovCSKA MoscowColombus Blue Jackets
26%
27John CarlsonIndiana IceWashington Capitals
23%
11Kyle BeachEverett SilvertipsChicago Blackhawks
21%
9Josh BaileyWindsor SpitfiresNY Islanders
20%
26Tyler EnnisMedicine Hat TigersBuffalo Sabres
20%
12Tyler MyersKelowna RocketsBuffalo Sabres
20%
10Cody HodgsonBrampton BattalionVancouver Canucks
18%
7Colin WilsonBoston UniversityNashville Predators
18%
14Zach BoychukLethbridge HurricanesCarolina Hurricanes
16%
8Mikkel BoedkerKitchener RangersPhoenix Coyotes
15%
17Jake GardinerMinnetonka High SchoolAnaheim Ducks
13%
18Chet PickardTri-City AmericansNashville Predators
11%
13Colten TeubertRegina PatsLA Kings
10%
16Joe ColborneCamrose KodiaksBoston Bruins
10%
24Mattias TedenbyHV71NJ Devils
9%
25Greg NemiszWindsor SpitfiresCalgary Flames
8%
19Luca SbisaLethbridge HurricanesPhiladelphia Flyers
8%
30Thomas McCollumGuelph StormDetroit Red Wings
8%
28Viktor TikhonovSeverstal CherepovetsPhoenix Coyotes
8%
20Michael Del ZottoOshawa GeneralsNY Rangers
7%
23Tyler CumaOttawa 67sMinnesota Wild
6%
29Daultan LeveilleSt. Catharines FalconsAtlanta Thrashers
5%
21Anton GustaffsonFrölunda HCWashington Capitals
3%

Score Distribution

Percentile by Number Answered

Percent of People with Each Score

Your Score History

You have not taken this quiz